000 01090cam a22002055a 4500
001 L150372
008 100706e2010 xxk 000 0 eng d
035 _a(Sirsi) u150372
041 0 _aeng
100 1 _aSandher, Hardeep
245 0 0 _aMarkets
_bCentral London
260 _c2010
490 _aProperty Week
_v76(26) 2 July 2010, 53-60(6)
520 _aCrown Estate to start developing prime office block in St James's this Autumn. DTZ reports on 1.2m sq ft of City lease expiries arriving in 2011, increasing by 1m sq ft per year until 2014 and peaking at 4.3m sq ft in 2015. Vacancy levels of grade B City space likely to soar. Legal & General and Mitsubishi Estates's Central St Giles Scheme seeks to turn Midtown into an office quarter. Waterloo and South Bank prepare for a spurt in large-scale development. Shaftesbury and the Mercer's Company complete the transformation of 2 acre St Martin's Courtyard mixed-use site.
590 _aKA
651 4 _aLondon
690 _aPROPERTY-COMMERCIAL PROPERTY-COMMERCIAL PROPERTY MARKET
700 1 _aDickinson, Richard
942 _n0
999 _c82479
_d82479